Comptez Rapide de 1 à 100 - Estadísticas

Estadísticas generales
  • Esta prueba ha sido intentada 172 veces
  • La puntuación promedio es 77 de 100
Estadísticas de respuestas
# % Correcto
1
98%
2
97%
3
97%
4
95%
5
95%
6
95%
7
95%
8
95%
9
95%
10
94%
11
94%
12
94%
13
94%
14
94%
15
94%
16
94%
17
94%
18
92%
19
92%
20
90%
21
90%
23
90%
22
89%
24
89%
25
89%
26
89%
27
89%
28
89%
29
89%
30
89%
31
89%
32
87%
33
87%
34
87%
35
87%
36
87%
37
87%
38
87%
39
87%
40
87%
41
87%
42
86%
43
86%
44
86%
45
86%
46
86%
47
86%
48
86%
49
86%
50
86%
51
84%
52
84%
53
84%
54
84%
55
84%
56
83%
57
83%
58
83%
59
81%
60
79%
61
76%
62
75%
63
75%
64
75%
65
75%
66
73%
67
73%
68
71%
69
71%
70
68%
71
68%
72
67%
73
67%
74
67%
75
67%
76
62%
77
62%
78
62%
79
62%
80
62%
81
60%
82
60%
83
59%
84
56%
85
54%
86
52%
87
52%
88
52%
89
52%
90
49%
91
49%
92
48%
93
48%
94
48%
95
48%
96
44%
97
44%
98
43%
99
43%
100
38%
No se encontraron pruebas coincidentes
Distribución de puntuación
Porcentaje de gente con cada puntuación
Porcentaje por número respondido
Historial de tus puntuaciones
No has intentado esta prueba.